22

Доступно только в Электронных читальных залах Найти на картеНа карте
RUSMARC
00003946nac2a22002651x 450
001a29e9ea4-b988-4069-982f-0b3ec7d72a6f
00520170811024611.0
100##$a20170516l1926 k y0rusy50 ca
1010#$arus
102##$aRU
105##$ay z |||||
1220#$ad19261109
2001#$a22
$j09.11.1926
215##$a58 листов
251##$cДело
300##$aЗаголовок дела на папке: Протокол Секретариата ЦИК СССР № 22. 9 ноября 1926 г. 3 созыва
300##$aЧасть текста машинописная и рукописная, часть - напечатана типографским способом
330##$aВходит в раздел описи: Протоколы Заседаний Секретариата Президиума III-го созыва
461#0$1001796d4672-8a00-4986-b488-6e42273792cc
$12001
$aЦЕНТРАЛЬНЫЙ ИСПОЛНИТЕЛЬНЫЙ КОМИТЕТ СССР (ЦИК СССР)
$1251
$cФонд
$1852
$j3316
$gР
462#0$10015593f570-cd62-4a8d-a1d8-0c815fe27ed2
$12001
$aПротоколы заседаний Президиума ЦИК СССР, объединенных заседаний секретариатов ЦИК СССР и ВЦИК и совещаний при председателе ЦИК СССР. 1923-1938 гг.
$vД. 963
$1251
$cОпись
$1852
$j12
5171#$aПротокол Секретариата ЦИК СССР № 22. 9 ноября 1926 г. 3 созыва
60101$3RU\NLR\AUTH\880357276
$aСССР
$bЦИК
801#0$aRU
$bGA_RF
801#1$aRU
$bАО "НПО Опыт"
$c20170516
$2rusmarc
801#2$aRU
$bПБ им. Б.Н. Ельцина
$c20170811
$gRCR
$2rusmarc
852##$aГА РФ
$j963
937##$d101754345
$hПБ
035##$aRuPRLIB51043210
856##$uhttp://readingroom.main.prlib.ru/item.aspx?id_node=n101754345&mode=full
Формат отображения